| 000 | 00570nam a2200193 i 4500 | ||
|---|---|---|---|
| 001 | 190708 | ||
| 003 | ES-MaACL | ||
| 005 | 20250806063144.0 | ||
| 007 | qu | ||
| 008 | 220511s1987 sp g 001 1dspa | ||
| 100 | 1 |
_aIturralde Ochoa, Pedro, _d1929-2020 _9160969 |
|
| 245 | 1 | 4 |
_aLos armónicos en el saxofón _h[Música impresa] / _cPedro Iturralde. |
| 260 |
_aMadrid : _bMusicinco, _c[1987] |
||
| 300 |
_a52 p. : _bmús. ; _c32 cm. |
||
| 650 | 7 |
_aSaxofón- _vMétodos. _9174457 |
|
| 852 | 4 |
_aES-MaACL _j2343-F-30 |
|
| 942 | _2udc | ||
| 999 |
_c190708 _d190708 |
||